000 00342nam a2200133Ia 4500
008 240624s9999 xx 000 0 und d
041 _aeng
082 _a658.3 CEC
100 _aBINGHAM CECILIE
245 _aEMPLOYMENT RELATIONS FAIRNESS AND TRUST
260 _c2016
_aNew Delhi
_bsage
300 _axiii, 369 p.; 24 cm.
365 _cBPS
_b32
999 _c29905
_d29905